Statistics for Legendary creatures

Click here to take the quiz!

General Stats

  • This quiz has been taken 18 times
  • The average score is 16 of 38

Answer Stats

DescriptionLegendary creatureOrigin (est.)% Correct
Half-human, half-fishMerman / MermaidWorldwide
93%
Head of a bull, body of a manMinotaurGreek
93%
Big serpentine, often with wings and ability to breath fireDragonWorldwide
87%
Head and wings of eagle, body and tail of lion, guards treasureGriffinGreek
87%
Skeleton, often robed, that collects people's soulsGrim ReaperWestern Europe
80%
Ape-like creature who chills in North American woodsSasquatchUSA, Canada
80%
Apelike man, who lives in the Himalayas, assumed abominableYetiNepal, Tibet
80%
Upper body of a human, lower body of a horseCentaurGreek
73%
Multi-headed dog, guard of the underworldCerberusGreek, Roman
73%
Horse- or goat-like creature with 1 horn, sometimes tail of boarUnicornWorldwide
73%
Wailing and shrieking fairy woman, heralds deathBansheeIrish
67%
Half-bird, torso and head of a woman, ugly, steals foodHarpyGreek, Roman
67%
Giant cephalopod-like sea monster, sometimes whale- or crab-likeKrakenNordic, North Atlantic
67%
Male nature spirit, permanent horse-sized erection, ears and tails of horseSatyrGreek
60%
Undead, who visit loved ones and cause mischief or deathVampireEurope
60%
Attacks especially livestock and drinks their bloodChupacabraLatin America
53%
Demon attacking people sexually during night, causes impaired health, -mental state or death (name male or female)Incubus / SuccubusMiddle East, Mediterranean
53%
Jackrabbit with antelope horns, possibly variation of WolpertingerJackalopeNorth America
53%
Reptile, serpent king, can cause death with a single glance, venomous, often confused with cockatriceBasiliskEurope
47%
Bakery comes to life, taunts people and animals he outruns, eaten by foxGingerbread BoyGerman
47%
Head of human, body of lion, tail of venomous spines or of scorpionManticorePersian
33%
Corpses reanimated by supernatural forces (general term)UndeadWorldwide
33%
Shaman-/witch-like old woman, may help, hinder or kill according to whim, sometimes trio of sistersBaba YagaSlavic
27%
Man with moth wingsMothmanWest Virginia
27%
Demon-like humanoid creature living in graveyards consuming fleshGhoulArabic
20%
Dog, bringer of death, supernaturally strong and fast, glowing eyes, ghostlyHellhoundWorldwide
20%
Shapeshifting spirit living in lakes, black horse or humanKelpieScottish, Celtic
20%
Dark feathered messengers of a top god (name either)Huginn / MuninnNorse
13%
Shapeshifting water spirit with intent to drownNix / NäkkiGermanic, Scandinavian, Finnic
7%
One-legged youngster, smokes pipe, wears red cap that enables him to disappear/reappear anywhere, annoying pranksterSaciBrazil
7%
Comes out at night to suck blood from the shadows of victim, walks backwards head between hind legs, invisibility skill, nauseating odorSigbinPhilippine
7%
Spider, trickster, clever, sometimes holds all wisdom there isAnansiWest Africa
0%
Bird representative of the Sun, with too many feet (two naming options)Golden Crow / Three-legged birdEast Asia
0%
Two-faced demon (man and hyena), seduces young women and eats themKishiAngola region
0%
Malicious entity riding on people's chest as they sleep, brings bad dreamsNightmareGermanic, Slavic
0%
Guardians of the underworld, human body and animal head or face (name either)Ox-Head / Horse-FaceChina, Japan
0%
Fish who is a transformed wise seer, statue in Belfast N.I.Salmon of KnowledgeIrish
0%
Evil witch with ability to turn into or possess animalSkin-walkerNavajo
0%

Score Distribution

Percentile by Number Answered

Percent of People with Each Score

Your Score History

You have not taken this quiz